| 000 | 00890nam a2200289 a 4500 | ||
|---|---|---|---|
| 001 | 60816 | ||
| 003 | BD-RjUL | ||
| 005 | 20211209080903.0 | ||
| 008 | 170103s1994 enkab 001 0 eng d | ||
| 020 | _a034061448X (pbk) | ||
| 035 | _aBD-RjUL 60940 | ||
| 035 | _a(OCoLC)32551232 | ||
| 035 | _a(OCoLC)48399302 | ||
| 035 | _a(OCoLC)31278693 | ||
| 040 |
_aUKM _cUKM _dRCE _dPIT _dMYG _dBD-RjUL _beng |
||
| 041 | _aeng | ||
| 082 | 0 | 4 |
_a384.51 _220 _bCAS 1994 |
| 090 |
_aTK5104 _b.C34 1994 |
||
| 100 | 1 |
_aCalcutt, D. M., _d1935- _9181271 |
|
| 245 | 1 | 0 |
_aSatellite communications : _bprinciples and applications / _cDavid Calcutt, Laurie Tetley. |
| 260 |
_aLondon : _bEdward Arnold, _c1994. |
||
| 300 |
_axv, 396 p. : _bill. ; _c25 cm. |
||
| 650 | 0 |
_aSatellite communication _9181273 |
|
| 700 | 1 |
_aTetley, L. _q(Laurence), _d1941- _9181274 |
|
| 942 |
_2ddc _cBK |
||
| 949 |
_ae _p39080009939775 |
||
| 999 |
_c60816 _d60816 |
||